Statistics for Homophone Doubles

Click here to take the quiz!

General Stats

  • This quiz has been taken 53 times
  • The average score is 8 of 15

Answer Stats

HintAnswer% Correct
Chomps 8 bitsBites bytes
67%
Changes wedding locationsAlters altars
60%
Consumed 7, _, 9Ate eight
60%
Stopwatches mint-like herbsTimes thymes
60%
Rendezvouses with fleshesMeets meats
58%
Asks Polish peoplePolls Poles
58%
Tree branch curtsyBough bow
56%
Naked ursineBare bear
53%
Reproduced bakery productsBred bread
53%
Manly telegramsMale mail
53%
Cold peppersChilly chilli
47%
Collects condimentsSources sauces
47%
Losing leafy onion-like vegetablesLeaks leeks
44%
Awards interfereMedals meddle
44%
Vends mobile phonesSells cells
44%

Score Distribution

Percentile by Number Answered

Percent of People with Each Score

Your Score History

You have not taken this quiz